000 00539nam a2200217Ia 4500
003 OSt
005 20220924133957.0
006 a|||||r|||| 00| 0
007 ta
008 220923b |||||||| |||| 00| 0 snd d
024 _a271404
037 _cTextual
040 _aARTS
_cARTS
_bsnd
041 _2snd
_asnd
082 _aO115,3M59,1, 1593J4
100 _aJeewat Chawala
_9207763
245 0 _aBook
260 _c1954
942 _hO115,3M59,1, 1593J4
_cTEXL
_2CC
999 _c435898
_d435898